000 00489nam a2200157 i 4500
001 30266
003 ES-MaACL
005 20230906154150.0
007 t|
008 030124q19001999ag ||||1| spa d
100 1 _aBassi, Angel C.
_926317
245 1 0 _aCurso de Pedagogía para el primer año de las Escuelas Normales de la República Argentina /
_cAngel C. Bassi.
260 _aBuenos Aires :
_bA. Kapelusz y Cía.,
_c[19--?]
300 _a720 p. ;
_c20 cm.
852 _aES-MaACL
_jF-4090
999 _c30266
_d30266